Video Games by Countries #3 - Statistics

General Stats
  • This quiz has been taken 18 times
  • The average score is 2 of 15
Answer Stats
Hint Answer % Correct
Assassin's Creed Valhalla Norway
87%
Resident Evil 4 Spain
33%
Overwatch 2 India
20%
Critters for Sale Morocco
13%
Rugby League Live 4 New Zealand
13%
Black the Fall Romania
13%
Driveclub Chile
7%
Resistance 3 Colombia
7%
Assassin's Creed: Bloodlines Israel
7%
Call of Duty: Modern Warfare 3 Thailand
7%
Ancestors: The Humankind Odyssey Rwanda
0%
Iron Harvets Saudi Arabia
0%
Act of Agression Serbia
0%
Battlefield 4 Singapore
0%
Call of Duty: Infinite Warfare Switzerland
0%
No matching quizzes found
Score Distribution
Percent of People with Each Score
Percentile by Number Answered
Your Score History
You have not taken this quiz